| 000 | 00636cam a2200205 4500500 | ||
|---|---|---|---|
| 005 | 20260329003134.0 | ||
| 041 | _afre | ||
| 042 | _adc | ||
| 100 | 1 | 0 |
_aLegros, Martin _eauthor |
| 245 | 0 | 0 | _aFrançois Dubet : « Nous ne voulons plus payer pour les autres » |
| 260 | _c2014. | ||
| 500 | _a13 | ||
| 690 | _aÉgalité | ||
| 690 | _aFiscalité | ||
| 690 | _aFrançois Dubet | ||
| 690 | _aInégalité | ||
| 690 | _aSolidarité | ||
| 786 | 0 | _nPhilosophie magazine | 84 | 11 | 2014-11-01 | p. 4-4 | 1951-1787 | |
| 856 | 4 | 1 | _uhttps://shs.cairn.info/magazine-philosophie-magazine-2014-11-page-4?lang=fr&redirect-ssocas=7080 |
| 999 |
_c1821758 _d1821758 |
||